[Event "Auberchicourt 61mnKO op 4th"]
[Site "Auberchicourt"]
[Date "2003.09.28"]
[Round "5"]
[White "Renard, Stephane"]
[Black "Gillis, David"]
[Result "1-0"]
[WhiteElo "2024"]
[BlackElo "1440"]
[PlyCount "82"]
[EventDate "2003.09.27"]
[EventType "swiss"]
[EventRounds "7"]
[EventCountry "FRA"]
[SourceTitle "EXT 2020"]
[Source "ChessBase"]
[SourceDate "2019.10.17"]
[SourceVersion "1"]
[SourceVersionDate "2019.10.17"]
[SourceQuality "1"]

1. f4 Nc6 2. Nf3 Nf6 3. b3 b6 4. Bb2 e6 5. e3 Bb7 6. d4 Be7 7. Bd3 Nb4 8. Be2 Be4 9. Na3 Nfd5 10. Qd2 Qc8 11. c3 Na6 12. 0-0 0-0 13. Nc2 Bxc2 14. Qxc2 Nxe3 15. Qe4 Nxf1 16. Rxf1 d5 17. Qd3 Nb8 18. c4 Nd7 19. Bd1 Qa6 20. Bc2 g6 21. Bb1 Ba3 22. Bc3 Be7 23. g4 Bf6 24. f5 Bg7 25. h4 dxc4 26. bxc4 exf5 27. gxf5 Qc8 28. h5 gxf5 29. Ng5 Nf6 30. Rxf5 Re8 31. d5 Ne4 32. Nxe4 Bxc3 33. Qxc3 Qxf5 34. Nf6+ Qxf6 35. Qxf6 Re1+ 36. Kf2 Rxb1 37. h6 Kf8 38. Qh8+ Ke7 39. Qxa8 Rb2+ 40. Ke3 Rxa2 41. Qh8 Rh2 1-0